000 00285nam a22001337a 4500
008 170616b xxu||||| |||| 00| 0 eng d
020 _a0691021856
041 _aeng
080 _a32
100 _a20
101 _aSHP
245 _aDEPENDENT DEVELOPMENT
_cEVANS, P
942 _2udc
_cBK
999 _c17885
_d17885